Normal view
MARC view
Entry Personal Name
001 - CONTROL NUMBER
- control field: 69217
003 - CONTROL NUMBER IDENTIFIER
- control field: OSt
005 - DATE AND TIME OF LATEST TRANSACTION
- control field: 20170921150925.0
008 - FIXED-LENGTH DATA ELEMENTS
- fixed length control field: 170921|| aca||aabn | a|a d
040 ## - CATALOGING SOURCE
- Original cataloging agency: OSt
- Transcribing agency: OSt
100 ## - HEADING--PERSONAL NAME
- Personal name: गोयनका ,डाॅ. कमल किशोर
670 ## - SOURCE DATA FOUND
- Source citation: Work cat.: (OSt): गोयनका ,डाॅ. कमल किशोर , प्रेमचन्द का अप्राप्य साहित्य (खण्ड ;दो ), .2016









